[Event "2. CLANSKA LIGA ZAHOD 2014"]
[Site "Ljubljana"]
[Date "2014.10.19"]
[Round "5.1"]
[White "Kodric, Vladimir"]
[Black "Lucovnik, Tilen"]
[Result "1-0"]
[WhiteElo "1949"]
[BlackElo "1992"]
[PlyCount "63"]
[EventDate "2014.10.19"]
[WhiteTeam "SK LOSKA DOLINA"]
[BlackTeam "SK KOMENDA"]

1. d4 d5 2. c3 Nf6 3. Bf4 e6 4. e3 c5 5. Nd2 Nc6 6. Bd3 Be7 7. h3 O-O 8. Ngf3
a6 9. O-O Bd7 10. Re1 cxd4 11. exd4 b5 12. Qb1 Qa5 13. a3 Qb6 14. Ne5 g6 15.
Bg5 Qb7 16. Ndf3 Ra7 17. Qc1 Bc8 18. Bh6 Re8 19. Qf4 Nxe5 20. Nxe5 Bd8 21. g4
Ra8 22. h4 Ne4 23. g5 Nd6 24. Ng4 f5 25. gxf6 Nf7 26. Bg5 Bc7 27. Ne5 Bxe5 28.
dxe5 Qc7 29. Bh6 Bb7 30. h5 Nh8 31. Bg7 Qf7 32. Qh6 1-0

[Event "2. CLANSKA LIGA ZAHOD 2014"]
[Site "Ljubljana"]
[Date "2014.10.19"]
[Round "5.2"]
[White "Kralj, Samo"]
[Black "Drobnic, Milan"]
[Result "0-1"]
[WhiteElo "1987"]
[BlackElo "1856"]
[PlyCount "100"]
[EventDate "2014.10.19"]
[WhiteTeam "SK KOMENDA"]
[BlackTeam "SK LOSKA DOLINA"]

1. e4 d6 2. d4 Nf6 3. Nc3 Nbd7 4. Bc4 e5 5. Nf3 Be7 6. O-O O-O 7. h3 c6 8. a4
b6 9. b3 a6 10. Bb2 Bb7 11. dxe5 dxe5 12. Re1 Qc7 13. Nh4 b5 14. Nf5 Bb4 15.
Bf1 Rfd8 16. Qf3 Nf8 17. Red1 Ng6 18. Ne2 Bf8 19. h4 h5 20. Bc3 Ng4 21. Rxd8
Qxd8 22. g3 Bc5 23. Be1 Ne7 24. Bh3 Nxf5 25. exf5 Nf6 26. Nc3 Qc7 27. Ne4 Nxe4
28. Qxe4 Bd4 29. Rd1 c5 30. Ba5 Bxe4 31. Bxc7 Bxc2 32. Re1 Bxb3 33. axb5 axb5
34. Bxe5 Bxe5 35. Rxe5 Ra1+ 36. Kh2 Rc1 37. Bg2 b4 38. Re8+ Kh7 39. Be4 Bc2 40.
Bd5 Bxf5 41. Bxf7 c4 42. Bg8+ Kh6 43. Rb8 b3 44. Rb6+ g6 45. Bxc4 Rxc4 46. Rxb3
Rc1 47. Kg2 Be4+ 48. f3 Rc2+ 49. Kh3 Bd5 50. Rd3 Bc4 0-1

[Event "2. CLANSKA LIGA ZAHOD 2014"]
[Site "Ljubljana"]
[Date "2014.10.19"]
[Round "5.3"]
[White "Stanic, Vitko"]
[Black "Leonardi, Caterina"]
[Result "0-1"]
[WhiteElo "1794"]
[BlackElo "1984"]
[PlyCount "82"]
[EventDate "2014.10.19"]
[WhiteTeam "SK LOSKA DOLINA"]
[BlackTeam "SK KOMENDA"]

1. d4 d5 2. Nf3 Nf6 3. e3 c6 4. Bd3 g6 5. Nbd2 Bg7 6. c3 O-O 7. O-O b6 8. Re1
Bb7 9. Ne5 Nbd7 10. f4 e6 11. Nf1 c5 12. g4 Ne4 13. Bxe4 dxe4 14. Nxd7 Qxd7 15.
Ng3 Rfd8 16. Qc2 f5 17. g5 Rac8 18. Qe2 cxd4 19. exd4 b5 20. a3 Qd5 21. Be3 a5
22. Rac1 Qb3 23. Qc2 Qxc2 24. Rxc2 Bxd4 25. Bxd4 Rxd4 26. Ne2 Rd7 27. Rcc1 Rd2
28. Rb1 b4 29. axb4 axb4 30. Ng3 Bd5 31. Nf1 Rd3 32. Rec1 bxc3 33. bxc3 Rdxc3
34. Rxc3 Rxc3 35. Ng3 Rc2 36. Re1 Kf7 37. Re2 Rxe2 38. Nxe2 e5 39. fxe5 Ke6 40.
h4 Kxe5 41. Kf2 f4 0-1

[Event "2. CLANSKA LIGA ZAHOD 2014"]
[Site "Ljubljana"]
[Date "2014.10.19"]
[Round "5.4"]
[White "Kobold, Andrej"]
[Black "Baraga, Bojan"]
[Result "1-0"]
[WhiteElo "1923"]
[BlackElo "1800"]
[PlyCount "45"]
[EventDate "2014.10.19"]
[WhiteTeam "SK KOMENDA"]
[BlackTeam "SK LOSKA DOLINA"]

1. e4 c5 2. c3 d6 3. d4 Qc7 4. Nf3 Bg4 5. Bb5+ Bd7 6. Bd3 c4 7. Bc2 e6 8. Bf4
Ne7 9. O-O Ng6 10. Bg3 Be7 11. h4 O-O 12. h5 Nh8 13. Re1 f6 14. e5 Nf7 15. b3
fxe5 16. bxc4 exd4 17. Qd3 Nh8 18. Qxh7+ Kf7 19. Bg6+ Nxg6 20. Qxg6+ Kg8 21. h6
Bf6 22. Ng5 Rd8 23. h7+ 1-0

[Event "2. CLANSKA LIGA ZAHOD 2014"]
[Site "Ljubljana"]
[Date "2014.10.19"]
[Round "5.5"]
[White "Loknar, Kresimir"]
[Black "Bernik, Alja"]
[Result "1-0"]
[WhiteElo "1709"]
[BlackElo "1774"]
[PlyCount "31"]
[EventDate "2014.10.19"]
[WhiteTeam "SK LOSKA DOLINA"]
[BlackTeam "SK KOMENDA"]

1. d4 d5 2. e4 dxe4 3. Nc3 Nf6 4. f3 exf3 5. Nxf3 Bg4 6. Bg5 e6 7. Qd3 Nbd7 8.
O-O-O Be7 9. Qb5 Rb8 10. h3 Bf5 11. Ne5 Ne4 12. Bxe7 Qxe7 13. Nxe4 Bxe4 14.
Nxd7 Qxd7 15. Qe5 Bg6 16. Bb5 1-0

[Event "2. CLANSKA LIGA ZAHOD 2014"]
[Site "Ljubljana"]
[Date "2014.10.19"]
[Round "5.6"]
[White "Markosek, Maj"]
[Black "Bavec, Vinko"]
[Result "1-0"]
[WhiteElo "1728"]
[BlackElo "1644"]
[PlyCount "75"]
[EventDate "2014.10.19"]
[WhiteTeam "SK KOMENDA"]
[BlackTeam "SK LOSKA DOLINA"]

1. d4 d5 2. c4 Nf6 3. cxd5 Nxd5 4. e4 Nf6 5. Bd3 c6 6. Ne2 g6 7. Nbc3 Bg7 8.
O-O O-O 9. e5 Nd5 10. Nxd5 cxd5 11. h3 e6 12. Be3 a6 13. Qd2 Nd7 14. Rac1 b5
15. Rc2 Bb7 16. Rfc1 Rc8 17. Rxc8 Bxc8 18. Rc2 Nb6 19. b3 f6 20. f4 f5 21. Nc1
Re8 22. Be2 Bf8 23. Nd3 Nd7 24. Nc5 Nxc5 25. dxc5 Be7 26. g3 Kg7 27. b4 Rh8 28.
Bf3 h5 29. h4 Kf7 30. Bd4 Qc7 31. c6 Bf8 32. Qc3 Be7 33. Bxd5 exd5 34. e6+ Bxe6
35. Bxh8 Qd8 36. Qg7+ Ke8 37. c7 Qd6 38. Qxg6+ 1-0

[Event "2. CLANSKA LIGA ZAHOD 2014"]
[Site "Ljubljana"]
[Date "2014.10.19"]
[Round "5.1"]
[White "Plenca, Julijan"]
[Black "Brezovar, Matjaz"]
[Result "1-0"]
[WhiteElo "2369"]
[BlackElo "2250"]
[PlyCount "107"]
[EventDate "2014.10.19"]
[WhiteTeam "SD STARI TRG OB KOLPI"]
[BlackTeam "SK DOLENJSKE TOPLICE"]

1. e4 e6 2. d3 d5 3. Nd2 Nf6 4. g3 c5 5. Bg2 Nc6 6. Ngf3 Be7 7. O-O O-O 8. h3
b5 9. exd5 exd5 10. a4 b4 11. d4 cxd4 12. Nb3 Ne4 13. Nbxd4 Nxd4 14. Nxd4 Bc5
15. Be3 Qf6 16. Qd3 Re8 17. Rfe1 Ba6 18. Nb5 Bxe3 19. Qxe3 Qc6 20. Nd4 Qf6 21.
Rad1 Nd6 22. Qd2 Ne4 23. Bxe4 dxe4 24. Qxb4 e3 25. Rxe3 Rxe3 26. fxe3 Qe5 27.
Qe1 Qe4 28. Qf2 Bb7 29. Kh2 Re8 30. Nf5 Qe6 31. Rd4 Ba8 32. e4 g6 33. Nd6 Rd8
34. Qf4 f6 35. c4 g5 36. Qf5 Rxd6 37. Qxe6+ Rxe6 38. Rd8+ Kf7 39. Rxa8 Rxe4 40.
Rxa7+ Ke6 41. b3 Re2+ 42. Kg1 Re3 43. b4 Rxg3+ 44. Kh2 Rb3 45. b5 Ke5 46. Rd7
Rb2+ 47. Kg3 Rb3+ 48. Kg2 Ke4 49. Rd2 Ke3 50. Rf2 Kd4 51. Rc2 Kc5 52. a5 Ra3
53. a6 f5 54. Rb2 1-0

[Event "2. CLANSKA LIGA ZAHOD 2014"]
[Site "Ljubljana"]
[Date "2014.10.19"]
[Round "5.2"]
[White "Luzar, Emil"]
[Black "Juranic, Bruno"]
[Result "1-0"]
[WhiteElo "2169"]
[BlackElo "2170"]
[PlyCount "71"]
[EventDate "2014.10.19"]
[WhiteTeam "SK DOLENJSKE TOPLICE"]
[BlackTeam "SD STARI TRG OB KOLPI"]

1. e4 c5 2. Nc3 Nc6 3. f4 g6 4. Nf3 Bg7 5. Bb5 Nd4 6. Nxd4 cxd4 7. Ne2 e6 8.
Ba4 Ne7 9. O-O O-O 10. d3 d6 11. Ng3 f5 12. Bb3 Kh8 13. Bd2 e5 14. fxe5 dxe5
15. exf5 Nxf5 16. Ne4 h6 17. Qe2 a5 18. a4 Qe7 19. g4 Nd6 20. Rxf8+ Qxf8 21.
Rf1 Qe7 22. g5 Nxe4 23. Rf7 Qxf7 24. Bxf7 Nxd2 25. Bxg6 Bh3 26. gxh6 Rf8 27.
hxg7+ Kxg7 28. Qxe5+ Kg8 29. Bh7+ Kxh7 30. Qh5+ Kg7 31. Qxh3 Nf3+ 32. Kh1 Rf6
33. Qd7+ Rf7 34. Qg4+ Kh6 35. h4 Rf6 36. c3 1-0

[Event "2. CLANSKA LIGA ZAHOD 2014"]
[Site "Ljubljana"]
[Date "2014.10.19"]
[Round "5.3"]
[White "Baric, Dusan"]
[Black "Pucelj, Joze"]
[Result "1/2-1/2"]
[WhiteElo "2058"]
[BlackElo "2099"]
[PlyCount "53"]
[EventDate "2014.10.19"]
[WhiteTeam "SD STARI TRG OB KOLPI"]
[BlackTeam "SK DOLENJSKE TOPLICE"]

1. e4 d6 2. d4 Nf6 3. Nc3 g6 4. Nf3 Bg7 5. h3 c6 6. Bf4 Qa5 7. Bd3 Nbd7 8. Qd2
e5 9. Bh6 Bxh6 10. Qxh6 exd4 11. Nxd4 Qe5 12. Nf3 Qe7 13. O-O Ne5 14. Nd4 Nxd3
15. cxd3 Bd7 16. Rfe1 O-O-O 17. b4 Rhg8 18. Qe3 g5 19. Rac1 Kb8 20. e5 dxe5 21.
Qxe5+ Qxe5 22. Rxe5 g4 23. h4 Rde8 24. Rce1 Rxe5 25. Rxe5 Re8 26. Rg5 Rg8 27.
Re5 1/2-1/2

[Event "2. CLANSKA LIGA ZAHOD 2014"]
[Site "Ljubljana"]
[Date "2014.10.19"]
[Round "5.4"]
[White "Muhic, Jure"]
[Black "Kobe, Uros"]
[Result "1/2-1/2"]
[WhiteElo "1779"]
[BlackElo "2119"]
[PlyCount "54"]
[EventDate "2014.10.19"]
[WhiteTeam "SK DOLENJSKE TOPLICE"]
[BlackTeam "SD STARI TRG OB KOLPI"]

1. g3 d5 2. Nf3 c5 3. Bg2 Nc6 4. d4 e6 5. O-O Nf6 6. c4 dxc4 7. Qa4 Qa5 8. Qxc4
Qb4 9. Qxb4 Nxb4 10. Na3 a6 11. Bd2 cxd4 12. Nxd4 e5 13. Bxb4 Bxb4 14. Nc6 Bxa3
15. bxa3 e4 16. Nd4 Bd7 17. Rfc1 Rc8 18. f3 exf3 19. Bxf3 b6 20. Bb7 Rxc1+ 21.
Rxc1 Ke7 22. Rb1 Kd6 23. Bxa6 Ra8 24. Bd3 Rxa3 25. Rxb6+ Kc5 26. Rb3 Rxa2 27.
Nf3 h6 1/2-1/2

[Event "2. CLANSKA LIGA ZAHOD 2014"]
[Site "Ljubljana"]
[Date "2014.10.19"]
[Round "5.5"]
[White "Bedic, Slavko"]
[Black "Janko, Roman"]
[Result "0-1"]
[WhiteElo "1943"]
[BlackElo "1835"]
[PlyCount "90"]
[EventDate "2014.10.19"]
[WhiteTeam "SD STARI TRG OB KOLPI"]
[BlackTeam "SK DOLENJSKE TOPLICE"]

1. c4 e5 2. g3 Nf6 3. Bg2 d5 4. cxd5 Nxd5 5. Nc3 Nb6 6. Nf3 Nc6 7. d3 Be7 8.
O-O O-O 9. b3 Bg4 10. h3 Be6 11. Bb2 Qd7 12. Kh2 a5 13. Rc1 f6 14. a3 Nb8 15.
Ne4 Na6 16. Nfd2 c6 17. Qc2 Rfd8 18. Nc3 Nc7 19. Nc4 Nxc4 20. bxc4 Bf7 21. Na4
Ra6 22. Rfd1 Ne6 23. e3 Qc7 24. d4 exd4 25. exd4 Raa8 26. Qb3 Nf8 27. d5 c5 28.
Nc3 Be8 29. Ne4 a4 30. Qf3 Ra6 31. Qe2 Rb6 32. f4 Bf7 33. Re1 Ng6 34. Qc2 Rb3
35. Nd2 Rxg3 36. d6 Bxd6 37. Ne4 Bxf4 38. Nxg3 Bxg3+ 39. Kg1 Bxe1 40. Rxe1 Nf4
41. Bc3 Nxg2 42. Qxg2 Rd3 43. Ba5 Qxa5 44. Rb1 Qd8 45. Qxb7 Bxc4 0-1

[Event "2. CLANSKA LIGA ZAHOD 2014"]
[Site "Ljubljana"]
[Date "2014.10.19"]
[Round "5.6"]
[White "Gorse, Damjan"]
[Black "Danculovic, Jovica"]
[Result "0-1"]
[WhiteElo "1777"]
[BlackElo "1966"]
[PlyCount "66"]
[EventDate "2014.10.19"]
[WhiteTeam "SK DOLENJSKE TOPLICE"]
[BlackTeam "SD STARI TRG OB KOLPI"]

1. c4 c6 2. d4 d5 3. e3 Nf6 4. Nc3 e6 5. Nf3 Nbd7 6. Bd3 dxc4 7. Bxc4 b5 8. Bd3
a6 9. O-O c5 10. Bc2 Bb7 11. b3 Qc7 12. Bb2 Rd8 13. Rc1 Bd6 14. h3 e5 15. d5
O-O 16. e4 Nb6 17. a3 Bc8 18. Qe2 g6 19. Nd1 Nh5 20. Nh2 Nf4 21. Qf3 f5 22.
exf5 gxf5 23. Ne3 Qf7 24. Qg3+ Qg6 25. Qxg6+ hxg6 26. Rfe1 Rfe8 27. Nf3 e4 28.
Ng5 Nfxd5 29. Nxd5 Nxd5 30. a4 Bf4 31. h4 Bxc1 32. Rxc1 Nf4 33. axb5 Ne2+ 0-1

[Event "2. CLANSKA LIGA ZAHOD 2014"]
[Site "Ljubljana"]
[Date "2014.10.19"]
[Round "5.1"]
[White "Bajzelj, Primoz"]
[Black "Jukan, Nesib"]
[Result "1/2-1/2"]
[WhiteElo "2049"]
[BlackElo "2015"]
[PlyCount "46"]
[EventDate "2014.10.19"]
[WhiteTeam "SD RADOVLJICA"]
[BlackTeam "SK TRZIN"]

1. d4 Nf6 2. Nf3 e6 3. Bg5 Be7 4. c4 d5 5. Nc3 c6 6. e3 O-O 7. Bd3 dxc4 8. Bxc4
Nbd7 9. O-O b5 10. Bd3 Bb7 11. a3 a5 12. Qe2 h6 13. Bh4 b4 14. Na4 c5 15. Bxf6
Bxf6 16. dxc5 Bxf3 17. gxf3 Rc8 18. Rfd1 Qe7 19. axb4 axb4 20. Rac1 Nxc5 21.
Nxc5 Rxc5 22. Rxc5 Qxc5 23. b3 Rd8 1/2-1/2

[Event "2. CLANSKA LIGA ZAHOD 2014"]
[Site "Ljubljana"]
[Date "2014.10.19"]
[Round "5.2"]
[White "Rojs, Igor"]
[Black "Anakiev, Dimitar"]
[Result "1-0"]
[WhiteElo "1972"]
[BlackElo "2042"]
[PlyCount "87"]
[EventDate "2014.10.19"]
[WhiteTeam "SK TRZIN"]
[BlackTeam "SD RADOVLJICA"]

1. d4 Nf6 2. Nf3 g6 3. c4 Bg7 4. Nc3 c5 5. e4 O-O 6. Be2 cxd4 7. Nxd4 d6 8. O-O
Nc6 9. Be3 Bd7 10. Qd2 Ng4 11. Nxc6 bxc6 12. Bg5 f6 13. Bh4 Qb6 14. h3 Bh6 15.
Qc2 Ne5 16. Kh1 Rab8 17. b3 g5 18. Bg3 Ng6 19. Rad1 Rbd8 20. Na4 Qa5 21. c5 Be8
22. cxd6 e5 23. Nc5 Kh8 24. Nb7 Qb6 25. Nxd8 Qxd8 26. Qc5 Rf7 27. Bc4 Rb7 28.
f3 Bf8 29. Be1 Bd7 30. g3 Bxh3 31. Rf2 Qc8 32. Ba6 Qd7 33. Bxb7 Qxb7 34. Rc2
Bd7 35. Rc4 Qa6 36. Qa5 Qb6 37. Qxb6 axb6 38. Ra4 Bg7 39. Ra7 Nf8 40. a4 Kg8
41. Bf2 c5 42. a5 bxa5 43. Bxc5 Kf7 44. Ra1 1-0

[Event "2. CLANSKA LIGA ZAHOD 2014"]
[Site "Ljubljana"]
[Date "2014.10.19"]
[Round "5.3"]
[White "Kocevar, Tugomir"]
[Black "Bajec, Borut"]
[Result "0-1"]
[WhiteElo "2006"]
[BlackElo "1804"]
[PlyCount "88"]
[EventDate "2014.10.19"]
[WhiteTeam "SD RADOVLJICA"]
[BlackTeam "SK TRZIN"]

1. e4 c5 2. c3 d5 3. exd5 Qxd5 4. d4 cxd4 5. Nf3 Bg4 6. Be2 Nf6 7. h3 d3 8.
hxg4 dxe2 9. Qxd5 Nxd5 10. Kxe2 e6 11. Be3 Nxe3 12. Kxe3 Bc5+ 13. Ke2 Nd7 14.
Nbd2 Nf6 15. g5 Nd5 16. g3 Rd8 17. Ne4 Bb6 18. Rh3 f5 19. gxf6 Nxf6 20. Nfg5
Nxe4 21. Nxe4 h6 22. Rhh1 Ke7 23. Rad1 Rxd1 24. Rxd1 Rd8 25. Rxd8 Bxd8 26. f4
h5 27. c4 g6 28. b4 Bc7 29. Kf3 e5 30. Nc3 Bb8 31. Ke4 exf4 32. Nd5+ Kf7 33.
Nxf4 Bxf4 34. Kxf4 Kf6 35. c5 g5+ 36. Ke4 Ke6 37. a4 h4 38. gxh4 gxh4 39. a5 h3
40. Kf3 Kd5 41. a6 bxa6 42. Kg3 a5 43. bxa5 Kxc5 44. Kxh3 Kb5 0-1

[Event "2. CLANSKA LIGA ZAHOD 2014"]
[Site "Ljubljana"]
[Date "2014.10.19"]
[Round "5.4"]
[White "Markic, Vladimir"]
[Black "Krivec, Metod"]
[Result "1/2-1/2"]
[WhiteElo "1722"]
[BlackElo "1864"]
[PlyCount "55"]
[EventDate "2014.10.19"]
[WhiteTeam "SK TRZIN"]
[BlackTeam "SD RADOVLJICA"]

1. d4 g6 2. Nf3 Bg7 3. g3 d6 4. Bg2 Nc6 5. O-O e5 6. dxe5 Nxe5 7. Nc3 Ne7 8.
Bf4 O-O 9. Nxe5 dxe5 10. Be3 c6 11. Qxd8 Rxd8 12. Rfd1 Be6 13. Rxd8+ Rxd8 14.
Rd1 Rxd1+ 15. Nxd1 a6 16. a3 f5 17. Bc5 Kf7 18. Kf1 Bd5 19. Bxe7 Kxe7 20. Bxd5
cxd5 21. e3 g5 22. Ke2 Kd6 23. b3 e4 24. h3 Be5 25. Kd2 f4 26. g4 f3 27. c3 b5
28. b4 1/2-1/2

[Event "2. CLANSKA LIGA ZAHOD 2014"]
[Site "Ljubljana"]
[Date "2014.10.19"]
[Round "5.5"]
[White "Torkar, Boris"]
[Black "Mihelic, Mitja"]
[Result "1/2-1/2"]
[WhiteElo "1876"]
[BlackElo "1674"]
[PlyCount "50"]
[EventDate "2014.10.19"]
[WhiteTeam "SD RADOVLJICA"]
[BlackTeam "SK TRZIN"]

1. d4 d5 2. c4 e6 3. Nc3 Nf6 4. Bg5 Nbd7 5. e3 c6 6. Bd3 Qa5 7. c5 b6 8. Bxf6
Nxf6 9. cxb6 axb6 10. Nge2 Be7 11. O-O O-O 12. a3 c5 13. Bb5 Bd7 14. a4 c4 15.
Qc2 Qa7 16. b3 Bxb5 17. Nxb5 cxb3 18. Qxb3 Qd7 19. Rfc1 Rfc8 20. Rxc8+ Rxc8 21.
Rc1 Rxc1+ 22. Nxc1 Ne4 23. Qc2 Nd6 24. Qc7 Qxc7 25. Nxc7 Nc4 1/2-1/2

[Event "2. CLANSKA LIGA ZAHOD 2014"]
[Site "Ljubljana"]
[Date "2014.10.19"]
[Round "5.6"]
[White "Varga, Ivan"]
[Black "Pretnar, Bostjan"]
[Result "0-1"]
[WhiteElo "1397"]
[BlackElo "1727"]
[PlyCount "66"]
[EventDate "2014.10.19"]
[WhiteTeam "SK TRZIN"]
[BlackTeam "SD RADOVLJICA"]

1. Nf3 c5 2. b3 d5 3. d4 Nf6 4. dxc5 Qa5+ 5. Nfd2 e5 6. c3 Qxc5 7. Ba3 Qb6 8.
Bxf8 Kxf8 9. f3 g6 10. Qc1 Kg7 11. c4 Be6 12. c5 Qc7 13. h4 h5 14. Nc3 Qxc5 15.
Qb2 Rc8 16. Rc1 d4 17. Nde4 Nxe4 18. fxe4 dxc3 19. Qc2 Nc6 20. Qxc3 Qb4 21.
Qxb4 Nxb4 22. Rd1 Nxa2 23. Kf2 Bxb3 24. Rb1 Rc3 25. Rh3 Rxh3 26. gxh3 Be6 27.
Rxb7 a5 28. Ke1 Nc3 29. Rc7 Nb5 30. Rc5 Nd4 31. Kf2 Nb3 32. Rc3 a4 33. Rc2 a3
0-1

[Event "2. CLANSKA LIGA ZAHOD 2014"]
[Site "Ljubljana"]
[Date "2014.10.19"]
[Round "5.1"]
[White "Biti, Ozren"]
[Black "Treursic, Goran"]
[Result "1-0"]
[WhiteElo "2354"]
[BlackElo "1956"]
[PlyCount "79"]
[EventDate "2014.10.19"]
[WhiteTeam "SD POSOCJE"]
[BlackTeam "SD PIRAN"]

1. e4 c6 2. d4 d5 3. e5 Bf5 4. Nd2 e6 5. Nb3 Nd7 6. Nf3 h6 7. Be2 a6 8. Be3 Qc7
9. c3 c5 10. dxc5 Nxc5 11. Nxc5 Bxc5 12. Qa4+ Kf8 13. Bxc5+ Qxc5 14. O-O Ne7
15. Rac1 b5 16. Qd4 Qa7 17. Qb4 Kg8 18. a4 bxa4 19. Qxa4 Kh7 20. Ra1 a5 21. Nd4
Bg6 22. b4 Qc7 23. bxa5 Qxe5 24. a6 Rhc8 25. Rfc1 Nf5 26. Bb5 Ne7 27. Qa3 Ra7
28. Bf1 Rca8 29. Qb4 Rc8 30. Nb5 Nc6 31. Nxa7 Nxb4 32. Nxc8 Nc6 33. Bb5 Na7 34.
Nxa7 d4 35. c4 Qb8 36. Nc6 Qa8 37. a7 Be4 38. f3 Bd5 39. Ne5 f6 40. Bc6 1-0

[Event "2. CLANSKA LIGA ZAHOD 2014"]
[Site "Ljubljana"]
[Date "2014.10.19"]
[Round "5.2"]
[White "Ribicic, Marko"]
[Black "Vandersmissen, Mathieu"]
[Result "0-1"]
[WhiteElo "1830"]
[BlackElo "2117"]
[PlyCount "94"]
[EventDate "2014.10.19"]
[WhiteTeam "SD PIRAN"]
[BlackTeam "SD POSOCJE"]

1. Nf3 c5 2. e3 Nc6 3. d4 d5 4. c3 e6 5. Bd3 Nf6 6. O-O Bd6 7. b3 O-O 8. Re1
Ne4 9. Bb2 f5 10. dxc5 Bxc5 11. b4 Bd6 12. b5 Ne5 13. Nxe5 Bxe5 14. f4 Bf6 15.
Qc2 Bd7 16. Nd2 Rc8 17. Nxe4 fxe4 18. Bf1 Qa5 19. c4 Bxb5 20. Bxf6 Rxf6 21. Qb2
dxc4 22. Qd4 Qa6 23. Qxe4 Be8 24. Rec1 b5 25. a4 Qb6 26. axb5 Bxb5 27. Rab1 Qc5
28. Rxb5 Qxb5 29. Bxc4 Qe8 30. f5 Kh8 31. fxe6 Rxe6 32. Qg4 Rxe3 33. Rf1 Re1
34. h4 Rxf1+ 35. Bxf1 Rc1 36. Qf4 Re1 37. Kf2 a5 38. h5 Re6 39. Kg1 Rf6 40. Qd2
Rf5 41. h6 gxh6 42. Qc3+ Qe5 43. Qc8+ Kg7 44. Qd7+ Rf7 45. Qg4+ Qg5 46. Qd4+
Qf6 47. Qg4+ Kh8 0-1

[Event "2. CLANSKA LIGA ZAHOD 2014"]
[Site "Ljubljana"]
[Date "2014.10.19"]
[Round "5.3"]
[White "Raspor, Gregor"]
[Black "Grein, Bogomir"]
[Result "1/2-1/2"]
[WhiteElo "2068"]
[BlackElo "1778"]
[PlyCount "99"]
[EventDate "2014.10.19"]
[WhiteTeam "SD POSOCJE"]
[BlackTeam "SD PIRAN"]

1. d4 d6 2. Nf3 c6 3. c4 Qc7 4. g3 Bg4 5. Bg2 Nd7 6. Nc3 e5 7. O-O Be7 8. e4
Ngf6 9. Be3 Rb8 10. Rc1 O-O 11. Qd2 b6 12. Ne1 Ne8 13. h3 Bh5 14. b3 Bg6 15.
Nd3 Rd8 16. Nb4 Nb8 17. Nd3 Bf6 18. Ne1 Be7 19. Qe2 h6 20. Rb1 Nf6 21. b4 d5
22. cxd5 exd4 23. Bxd4 cxd5 24. e5 Ne4 25. Nxe4 dxe4 26. Rd1 Nc6 27. Nc2 Nxd4
28. Nxd4 Bxb4 29. Rc1 Qb7 30. Nc6 Bc5 31. Nxd8 Rxd8 32. Rfe1 Bb4 33. Red1 Re8
34. Qb2 Qe7 35. Rc4 Ba3 36. Qc3 Bc5 37. Bxe4 Qxe5 38. Bxg6 fxg6 39. Rd8 Qe7 40.
Rxe8+ Qxe8 41. Rf4 Qe7 42. Qc4+ Kh7 43. Re4 Qf8 44. Qe2 Qf5 45. h4 Bxf2+ 46.
Kg2 Bc5 47. Rf4 Qd5+ 48. Kh2 h5 49. Re4 Qf7 50. Rf4 1/2-1/2

[Event "2. CLANSKA LIGA ZAHOD 2014"]
[Site "Ljubljana"]
[Date "2014.10.19"]
[Round "5.4"]
[White "Gasparic, Stojan"]
[Black "Ursic, Mateja"]
[Result "1/2-1/2"]
[WhiteElo "1511"]
[BlackElo "2034"]
[PlyCount "69"]
[EventDate "2014.10.19"]
[WhiteTeam "SD PIRAN"]
[BlackTeam "SD POSOCJE"]

1. e4 e5 2. Nf3 Nc6 3. Bb5 a6 4. Ba4 Nf6 5. d3 b5 6. Bb3 Bc5 7. Be3 Bxe3 8.
fxe3 O-O 9. Nc3 d6 10. O-O Na5 11. Ne2 c6 12. Qe1 Nxb3 13. axb3 Ng4 14. Ng3 Qb6
15. d4 Qc7 16. h3 Nh6 17. b4 g6 18. Qd2 f6 19. Rfd1 Nf7 20. dxe5 fxe5 21. b3
Bb7 22. h4 Rad8 23. Qc3 Qe7 24. Rd2 Nh6 25. Rad1 Ng4 26. Nf1 d5 27. N1h2 Nxh2
28. Nxh2 Qxh4 29. exd5 Rxd5 30. Rxd5 Qf2+ 31. Kh1 cxd5 32. Qxe5 Qxc2 33. Qe6+
Kg7 34. Qe5+ Kg8 35. Qe6+ 1/2-1/2

[Event "2. CLANSKA LIGA ZAHOD 2014"]
[Site "Ljubljana"]
[Date "2014.10.19"]
[Round "5.5"]
[White "Ursic, Jakob"]
[Black "Ploc, Albert"]
[Result "1-0"]
[WhiteElo "1952"]
[BlackElo "1500"]
[PlyCount "47"]
[EventDate "2014.10.19"]
[WhiteTeam "SD POSOCJE"]
[BlackTeam "SD PIRAN"]

1. e4 c5 2. c3 d6 3. d4 cxd4 4. cxd4 Nf6 5. Nc3 g6 6. h3 Bg7 7. Nf3 O-O 8. Be3
d5 9. e5 Ne4 10. Nxe4 dxe4 11. Nd2 f5 12. exf6 Bxf6 13. Bc4+ Kg7 14. Nxe4 Bf5
15. Nxf6 Rxf6 16. Qd2 Nc6 17. O-O Qd7 18. Bh6+ Kh8 19. Bg5 Rd6 20. d5 e6 21.
dxc6 Rxd2 22. cxd7 Rxd7 23. g4 Rd4 24. Bf6+ 1-0

[Event "2. CLANSKA LIGA ZAHOD 2014"]
[Site "Ljubljana"]
[Date "2014.10.19"]
[Round "5.6"]
[White "Debevec, Katarina"]
[Black "Hozjan, Erik"]
[Result "0-1"]
[WhiteElo "1500"]
[BlackElo "1848"]
[PlyCount "104"]
[EventDate "2014.10.19"]
[WhiteTeam "SD PIRAN"]
[BlackTeam "SD POSOCJE"]

1. d4 f5 2. c4 Nf6 3. Nc3 e6 4. g3 c6 5. Bg2 d5 6. c5 Be7 7. Nf3 O-O 8. O-O Bd7
9. b4 Na6 10. a3 Nc7 11. Ne5 Ne4 12. Bxe4 fxe4 13. f4 Be8 14. e3 Bf6 15. Bd2
Bxe5 16. fxe5 Qg5 17. Rxf8+ Kxf8 18. Qf1+ Ke7 19. Qf4 Qxf4 20. gxf4 Bh5 21. Kf2
h6 22. Ne2 Bxe2 23. Kxe2 Rg8 24. Rg1 Nb5 25. a4 Na3 26. Be1 Nc4 27. Bh4+ Kf7
28. Be1 Nb2 29. a5 Nd3 30. h4 Rb8 31. Bc3 Rg8 32. Bd2 g6 33. Kf1 Nb2 34. Bc3
Nc4 35. Ke2 g5 36. hxg5 hxg5 37. fxg5 Kg6 38. Be1 Rf8 39. Rf1 Rxf1 40. Kxf1
Nxe3+ 41. Ke2 Nc2 42. Bc3 Kxg5 43. Bd2+ Kf5 44. Bc3 Na3 45. Bd2 Nc4 46. Bc1 a6
47. Kf2 e3+ 48. Bxe3 Ke4 49. Bc1 Kxd4 50. Bf4 Nxe5 51. Bxe5+ Kxe5 52. Ke3 d4+
0-1

[Event "2. CLANSKA LIGA ZAHOD 2014"]
[Site "Ljubljana"]
[Date "2014.11.07"]
[Round "6.1"]
[White "Krumpak, Hinko"]
[Black "Flego, Marino"]
[Result "1-0"]
[WhiteElo "2140"]
[BlackElo "1972"]
[PlyCount "61"]
[EventDate "2014.11.07"]
[WhiteTeam "SK VISNJA GORA - STICNA"]
[BlackTeam "SD PIRAN"]

1. c4 e6 2. b3 Nf6 3. Bb2 Be7 4. g3 d5 5. Nf3 O-O 6. Bg2 c5 7. cxd5 exd5 8. d4
b6 9. O-O Bb7 10. Nc3 Nbd7 11. dxc5 Nxc5 12. Nd4 g6 13. Nc2 Nce4 14. Ne3 Nxc3
15. Bxc3 Ne4 16. Bb2 Bc5 17. Qd3 Re8 18. Ng4 h5 19. Bxe4 hxg4 20. Bxg6 d4 21.
Bh7+ Kf8 22. Qf5 Be4 23. Qh5 Bxh7 24. Qxh7 Rxe2 25. Bc1 Qf6 26. Bh6+ Ke7 27.
Rae1 d3 28. Rxe2+ dxe2 29. Qe4+ Kd7 30. Qxg4+ Kc6 31. Qxe2 1-0

[Event "2. CLANSKA LIGA ZAHOD 2014"]
[Site "Ljubljana"]
[Date "2014.11.07"]
[Round "6.3"]
[White "Perovsek, Milan"]
[Black "Grein, Bogomir"]
[Result "1-0"]
[WhiteElo "1812"]
[BlackElo "1778"]
[PlyCount "79"]
[EventDate "2014.11.07"]
[WhiteTeam "SK VISNJA GORA - STICNA"]
[BlackTeam "SD PIRAN"]

1. e4 d6 2. d4 c6 3. c4 Qc7 4. Nc3 e5 5. Nf3 Bg4 6. Be2 Be7 7. h3 Bh5 8. b3 Nd7
9. Bb2 Ngf6 10. O-O O-O 11. Qd3 Rfe8 12. d5 c5 13. Nh2 a6 14. a4 b6 15. Kh1 Bg6
16. g4 Kh8 17. h4 h6 18. Rg1 Ng8 19. Qh3 Bh7 20. g5 Qd8 21. Nf3 h5 22. Rg2 Nf8
23. Nxe5 dxe5 24. Bxh5 Ng6 25. Ne2 Qd6 26. f3 Ra7 27. Qh2 Bf8 28. Bg4 f6 29.
Be6 fxg5 30. Rxg5 Nf4 31. Bxe5 Qd8 32. Nxf4 Nf6 33. h5 Rxe6 34. Nxe6 Qe7 35.
Rag1 Qf7 36. Rxg7 Bxg7 37. Rxg7 Qxg7 38. Nxg7 Kxg7 39. Qf4 Rf7 40. Qg5+ 1-0